| 000 | 00346nam a2200133Ia 4500 | ||
|---|---|---|---|
| 008 | 191201s2005 xx 000 0 und d | ||
| 082 |
_a005.26 _bRAM |
||
| 100 | _aRAFIQUZZAMAN, M | ||
| 245 | 0 | _aMicroprocessors Theory and Applications Intel and Motorola | |
| 260 |
_aN.Delhi _bPHI _c2005 |
||
| 300 | _a468 | ||
| 650 | _aB.Tech(ECE) | ||
| 942 |
_2ddc _cBK |
||
| 999 |
_c823 _d823 |
||